000 00480nam a2200157 i 4500
001 51240
003 ES-MaACL
007 t|
008 030811s1955 sp ||||1| spa d
100 1 _aDabin, Jean.
_942398
245 1 3 _aEl derecho subjetivo /
_cJ. Dabin ; traducida por Francisco Javier Osset.
260 _aMadrid :
_bRevista de Derecho Privado,
_c[1955] (
_fJura)
300 _aXI, 387 p. ;
_c23 cm.
700 1 _aOsset, Javier.
_987785
852 _aES-MaACL
_jC-9882
_bR.38027
999 _c51240
_d51240